Managing the non-profit organization / (Record no. 14746)

000 -LEADER
fixed length control field 01483nam a2200253 a 4500
001 - CONTROL NUMBER
control field ASIN0750626917
005 - DATE AND TIME OF LATEST TRANSACTION
control field 20170105102903.0
008 - FIXED-LENGTH DATA ELEMENTS--GENERAL INFORMATION
fixed length control field 131021s2004 xxu eng d
020 ## - INTERNATIONAL STANDARD BOOK NUMBER
International Standard Book Number 0750626917 (paperback)
Terms of availability $45.95
020 ## - INTERNATIONAL STANDARD BOOK NUMBER
International Standard Book Number 9780750626910 (paperback)
040 ## - CATALOGING SOURCE
Original cataloging agency 0
050 04 - LIBRARY OF CONGRESS CALL NUMBER
Classification number HD62.6
082 04 - DEWEY DECIMAL CLASSIFICATION NUMBER
Classification number 658.048
100 1# - MAIN ENTRY--PERSONAL NAME
Personal name Drucker, Peter.
245 10 - TITLE STATEMENT
Title Managing the non-profit organization /
Statement of responsibility, etc. Peter Drucker.
250 ## - EDITION STATEMENT
Edition statement 1st ed.
260 ## - PUBLICATION, DISTRIBUTION, ETC.
Place of publication, distribution, etc. [S.l.] :
Name of publisher, distributor, etc. Routledge,
Date of publication, distribution, etc. 2004.
300 ## - PHYSICAL DESCRIPTION
Extent 192 p. ;
Dimensions 24 cm.
520 ## - SUMMARY, ETC.
Summary, etc. A Drucker management classic, first published in 1990, which breaks down any narrow definition of management and is aimed specifically at decision-makers and managers working in non-profit making and charitable organizations to help them apply the principles of good management to their sector. Drawing from the American experience, Drucker poignantly illustrates his discussion of management by quoting his in-depth interviews with top executives from non-profit making organizations. The issues of mission, performance, people and relationships, leadership and developing managers are eloquently discussed and Drucker provides Action Implications throughout the book which are of practical importance to the reader.
650 #0 - SUBJECT ADDED ENTRY--TOPICAL TERM
Topical term or geographic name entry element Associations, institutions, etc.--Management
650 #0 - SUBJECT ADDED ENTRY--TOPICAL TERM
Topical term or geographic name entry element Nonprofit organizations--Management
856 40 - ELECTRONIC LOCATION AND ACCESS
Materials specified Amazon.com
Uniform Resource Identifier <a href="http://www.amazon.com/exec/obidos/ASIN/0750626917/chopaconline-20">http://www.amazon.com/exec/obidos/ASIN/0750626917/chopaconline-20</a>
942 ## - ADDED ENTRY ELEMENTS (KOHA)
Source of classification or shelving scheme
Koha item type Book
Holdings
Withdrawn status Lost status Damaged status Not for loan Collection code Permanent Location Current Location Shelving location Date acquired Total Checkouts Full call number Barcode Date last seen Price effective from Koha item type
          Centre for International Peace & Stability (CIPS) Centre for International Peace & Stability (CIPS) General Stacks 09/13/2013   658.048 DRU 1990 CIPS0000875 10/21/2013 10/21/2013 Book
© 2023 Central Library, National University of Sciences and Technology. All Rights Reserved.